000 00724nam a22001577a 4500
003 OSt
005 20151208164729.0
008 151208b xxu||||| |||| 00| 0 eng d
040 _cRUA
082 _aATM THO 2008 B195 Or.1
100 _94559
_aTHOUNG, SODANY
245 _aWomen participation of household economic development in tboung khmom district,kampong cham province, ការចូលរួមរបស់ស្រ្តីក្នុងការអភិវឌ្ឈន៍សេដ្ឋកិច្ចគ្រួសារក្នុងស្រុុកត្បួងឃុំ ខេត្តកំពង់ចាម
260 _aPhnom Penh
_bRUA
_c2008
300 _axiv, 48p.
_bill.
_c29cm.
942 _2ddc
_cATM
999 _c4248
_d4248